عرض عادي
عرض مارك
- Aoyama, Hiroyuki,
مدخل إسم شخص
001 - رقم الضبط
- حقل الضبط: 64962
003 - معرف رقم الضبط
- حقل الضبط: OSt
005 - تاريخ ووقت أخر عملية
- حقل الضبط: 20180921190426.0
008 - عناصر بيانات ثابتة الطول
- حقل تحكم ثابت الطول: 180921|| aca||aabn | a|a d
040 ## - مصدر الفهرسة
- هيئة الفهرسة الأصلية: OSt
- وكالة الكتابة: OSt
100 ## - مدخل -- أسم شخص
- إسم شخص: Aoyama, Hiroyuki,
- تواريخ مرتبطة بالاسم: 1932-
670 ## - بيانات المصدر موجوده
- الاستشهاد بالمصدر: Work cat.: (OSt)0: Design of modern highrise reinforced concrete structures /, c2001.
